| 000 | 00000nas 2200000za 4500 |
| 001 | 9.854669 |
| 003 | CaOODSP |
| 005 | 20250530103005 |
| 007 | cr ||||||||||| |
| 008 | 180403c20189999oncar p o f0 a0eng|d |
| 040 | |aCaOODSP|beng |
| 043 | |an-cn--- |
| 086 | 1 |aET2-3E-PDF |
| 110 | 1 |aCanada. |bOffice of the Conflict of Interest and Ethics Commissioner. |
| 245 | 10|aList of sponsored travel ... |h[electronic resource]. |
| 246 | 13|aList of sponsored travel ... made under the Conflict of Interest Code for Members of the House of Commons |
| 260 | |aOttawa : |bOffice of the Conflict of Interest and Ethics Commissioner, |c2018- |
| 310 | |aAnnual |
| 362 | 1 |aBegan with 2017. |
| 500 | |aIssued also in French under title: La liste de déplacements parrainés ... |
| 500 | |aCover title. |
| 692 | 07|2gccst|aConflicts of interest |
| 692 | 07|2gccst|aTravel |
| 692 | 07|2gccst|aMembers of the House of Commons |
| 775 | 08|tLa liste de déplacements parrainés ... |w(CaOODSP)9.854671 |
| 780 | 00|tList of sponsored travel presented to the House of Commons |w(CaOODSP)9.506389 |